| 000 | 00000nam##2200000za#4500 |
| 001 | 9.646262 |
| 003 | CaOODSP |
| 005 | 20230202144024 |
| 007 | ta |
| 008 | 150407|1996||||xxc||||| f|0| 0 eng|d |
| 020 | |a0-662-24779-5 |
| 040 | |aCaOODSP|beng |
| 043 | |an-cn--- |
| 086 | 1 |aH72-21/146-1996E |
| 110 | 2 |aNational Clearinghouse on Family Violence (Canada). |
| 245 | 10|aOffender profiles / |cIssued by the Prevention and Children Committee, National Crime Prevention Council, Canada. |
| 260 | |aOttawa - Ontario : |bHealth Canada. |c1996. |
| 300 | |a12p. : |breferences ; |c28 cm. |
| 500 | |a"A national file review study of family violence among federal inmates, conducted by the Correctional Service of Canada (CSC), randomly sampled a total of 935 files of men admitted to federal facilities between June and November of 1992."--Page 1. |
| 520 | 3 |aA national file review study of family violence among federal inmates, conducted by the Correctional Service of Canada (CSC), randomly sampled a total of 935 files of men admitted to federal facilities between June and November of 1992.--Page 1 |
| 563 | |aSoftcover |
| 590 | |a96-36|b1996-09-06 |
| 690 | 07|aFamily violence|2gcpds |
| 775 | 08|tProfil des délinquants / |w(CaOODSP)9.679828 |
| 776 | 0#|tOffender profiles / |w(CaOODSP)9.695706 |